Galería Nacional (Record no. 184227)

MARC details
000 -LEADER
campo de control de longitud fija 01043nam a2200289 i 4500
001 - NÚMERO DE CONTROL
campo de control 184227
003 - IDENTIFICADOR DE NÚMERO DE CONTROL
campo de control ES-MaACL
005 - FECHA Y HORA DE LA ÚLTIMA TRANSACCIÓN
campo de control 20230906222121.0
008 - DATOS DE LONGITUD FIJA--INFORMACIÓN GENERAL
campo de control de longitud fija 150522s1973 sp ao e |||| |dspa d
020 ## - NÚMERO INTERNACIONAL ESTÁNDAR DEL LIBRO
Número Internacional Estándar del Libro 84-7017-387-1
080 ## - NÚMERO DE LA CLASIFICACIÓN DECIMAL UNIVERSAL
Número de la Clasificación Decimal Universal 75:069(421 L.)Nat. Gallery
245 00 - MENCIÓN DEL TÍTULO
Título Galería Nacional
Resto del título : Londres /
Mención de responsabilidad, etc. [presentación de Michael Levey ; textos de Gigetta dalli Rogeli ... [et al.] ; traducción de Diorki].
246 34 - FORMA VARIANTE DEL TITULO
Título propio/Titulo breve Enciclopedia de los museos
260 ## - PUBLICACIÓN, DISTRIBUCIÓN, ETC.
Lugar de publicación, distribución, etc. Barcelona :
Nombre del editor, distribuidor, etc. Argos,
Fecha de publicación, distribución, etc. [1973]
300 ## - DESCRIPCIÓN FÍSICA
Extensión 172 p. :
Otras características físicas il. col., fot. ;
Dimensiones 29cm.
490 1# - MENCIÓN DE SERIE
Mención de serie Enciclopedia de los museos ;
Designación de volumen o secuencia 7
500 ## - NOTA GENERAL
Nota general Índices.
504 ## - NOTA DE BIBLIOGRAFÍA, ETC.
Nota de bibliografía, etc. Bibliografía: p. 168.
610 27 - PUNTO DE ACCESO ADICIONAL DE MATERIA--NOMBRE DE ENTIDAD CORPORATIVA
Nombre de entidad corporativa o nombre de jurisdicción como elemento de entrada National Gallery (Londres)
9 (RLIN) 5970
700 1# - ENTRADA AGREGADA--NOMBRE PERSONAL
Nombre de persona Dalli Regoli, Gigetta.
9 (RLIN) 156879
700 1# - ENTRADA AGREGADA--NOMBRE PERSONAL
Nombre de persona Levey, Michael.
9 (RLIN) 156884
710 2# - ENTRADA AGREGADA--NOMBRE DE ENTIDAD CORPORATIVA
Nombre de entidad corporativa o nombre de jurisdicción como elemento de entrada Diorki.
9 (RLIN) 3392
830 0# - PUNTO DE ACCESO ADICIONAL DE SERIE-TÍTULO UNIFORME
Título uniforme Enciclopedia de los museos ;
Designación de volumen o secuencia 7
9 (RLIN) 192084
852 ## - LOCALIZACIÓN
Ubicación ES-MaACL
Número de control de estantería E-15637
Nota libre - enc. guaflex
852 ## - LOCALIZACIÓN
Ubicación ES-MaACL
Número de control de estantería L-30412
Nota libre - enc. guaflex
-- . - Donat. Miguel A. Velasco
Holdings
Estatus retirado Estado de pérdida Estado de daño No para préstamo Biblioteca de origen Biblioteca actual Ubicación en estantería Fecha de adquisición Fuente de adquisición Total de préstamos Signatura topográfica completa Código de barras Visto por última vez Precio de reemplazo Tipo de ítem Koha
        Biblioteca del Ateneo de Madrid Biblioteca del Ateneo de Madrid Depósito 2 22/05/2015     E-15637 1193790 23/02/2023 23/02/2023 Libro impreso
        Biblioteca del Ateneo de Madrid Biblioteca del Ateneo de Madrid Depósito 2 24/06/2016     L-30412 1195495 23/02/2023 23/02/2023 Libro impreso